guess the laufey song no hints #1 - Statistics

General Stats
  • This quiz has been taken 195 times
    185 since last reset
  • The average score is 108 of 193
Answer Stats
Answer % Correct
I
98%
you
94%
a
91%
love
86%
the
84%
The
84%
to
78%
me
74%
an
73%
and
69%
And
69%
Don't
65%
don't
65%
He
65%
In
63%
in
63%
When
60%
my
59%
fall
58%
have
58%
I'm
58%
too
58%
it
57%
I've
57%
know
56%
Can
54%
from
54%
how
54%
How
54%
What
54%
ever
53%
For
53%
of
53%
With
53%
with
53%
like
52%
fallen
51%
had
51%
this
51%
time
51%
who
50%
hear
49%
that
49%
think
49%
one
48%
say
48%
tell
48%
Valentine
48%
him
47%
It's
46%
Now
46%
now
46%
clue
45%
every
45%
myself
45%
blinked
44%
can't
44%
please
44%
pretty
44%
Someone
44%
someone
44%
suddenly
44%
'Cause
43%
he's
43%
kind
43%
respond
43%
affection
42%
damn
42%
did
42%
first
42%
heart
42%
help
42%
mine
42%
moment
42%
rejected
42%
scared
42%
tells
42%
weird
42%
years
42%
call
41%
get
41%
guys
41%
I'll
41%
passing
41%
surprise
41%
back
40%
flies
40%
kiss
40%
last
40%
want
40%
all
39%
believe
39%
Got
39%
got
39%
only
38%
if
37%
become
36%
feel
36%
hell
36%
attack
34%
away
34%
even
34%
lost
34%
miss
34%
should
34%
still
34%
honestly
33%
somehow
33%
twenty-one
33%
caught
32%
control
32%
run
32%
heartbeat
31%
lose
31%
Maybe
31%
romance
31%
seconds
31%
shock
28%
through
28%
bone
24%
No matching quizzes found
Score Distribution
Percent of People with Each Score
Percentile by Number Answered
Your Score History
You have not taken this quiz since the last reset